Successful communication in science and industry: Writing reading and speaking (Record no. 20985)

MARC details
000 -LEADER
fixed length control field 00356nam a2200121Ia 4500
082 ## - DEWEY DECIMAL CLASSIFICATION NUMBER
Classification number 065
Item number ZET
100 ## - MAIN ENTRY--AUTHOR NAME
Personal name Crouch, George W
245 #0 - TITLE STATEMENT
Title Successful communication in science and industry: Writing reading and speaking
260 ## - PUBLICATION, DISTRIBUTION, ETC. (IMPRINT)
Place of publication New York
Name of publisher McGraw Hill
Year of publication 1961
700 ## - ADDED ENTRY--PERSONAL NAME
Personal name Zetler, Robert
942 ## - ADDED ENTRY ELEMENTS (KOHA)
Koha item type Books
Holdings
Withdrawn status Lost status Damaged status Not for loan Home library Current library Date acquired Cost, normal purchase price Full call number Accession Number Koha item type
        RRII Library RRII Library 16/12/2021 6.25 065 ZET 01707 Books